000 00574nam a2200181Ia 4500
008 090630s9999 xx 000 0 und d
082 _b11
100 _aगोखले अ. स.
245 _aडि. व्हॅलेरा.
_cगोखले अ. स.
260 _bविजय साहित्य पुणे.
300 _a149
600 _aगोखले अ. स.
630 _aडि. व्हॅलेरा.
655 _aचरित्र.
700 _aगोखले अ. स.
730 _aडि. व्हॅलेरा.
942 _cBOOK
999 _c251867
_d251867